000 01111nam a22003137a 4500
003 CHAP
005 20220817041639.0
008 971013s1964 r 00010 d
010 _a20582
011 _a21554
035 _a25644
040 _cCHAP
082 _a332.6
_bC46i
110 _aCEPAL
_921292
245 _aInforme provisional de la conferencia sobre política fiscal organizada por el programa conjunto de tributación OEA, BID, CEPAL. Santiago de Chile, 1962
260 _aWashington :
_bInstituto de Desarrollo Económico,
_c1964
300 _a245 p.
590 _aBATCH-UPD
_b10
_c20130110
_lUCH01
_h2258
590 _aBATCH-UPD
_b10
_c20130410
_lUCH01
_h1551
590 _aBATCH-UPD
_b10
_c20130914
_lUCH01
_h1409
590 _aCONVERSION
_b10
_c20130109
_lUCH01
_h1312
650 1 4 _aFinanzas públicas
_xAmérica Latina.
_940954
650 1 4 _aImpuestos
_xAmérica Latina.
_957496
710 0 _aBanco Interamericano de Desarrollo.
710 0 _aOrganización de los Estados Americanos.
901 _aBK
942 _cLIBRO
949 _a332.6 C46i
_bBC
_cLIBRO
_d33724000345005
_eLIBRO
_i25644
_mD
_si
999 _c20582
_d20582